| 000 | 03126nam0a2200421 4500 | ||
|---|---|---|---|
| 001 | RU\NLR\BIBL_A\016272074 | ||
| 005 | 20260407112759.0 | ||
| 035 | _a(NLR Aleph) 016272074 | ||
| 090 |
_a12889639 _c12889639 |
||
| 100 | _a20200220d1903 |||y0rusy50 ca | ||
| 101 | 0 | _arus | |
| 102 | _aRU | ||
| 105 | _ay z 000zy | ||
| 181 | 0 |
_ai _baxxe |
|
| 182 | 0 | _an | |
| 200 | 1 |
_aОб отпуске 50.000 р. на мероприятия по распространению усовершенствованных сельскохозяйственных орудий и машин _eпредставление по этому делу при сем прилагается в печатном экземпляре _fГосударственный Совет в Соединенных Департаментах промышленности, наук и торговли и государственной экономии. Министерство земледелия и государственных имуществ. 10 октября 1903 года. № 82 |
|
| 203 |
_aТекст _bвизуальный _cнепосредственный |
||
| 210 |
_a[Cанкт-Петербург _cб. и.] _d1903 |
||
| 215 |
_a4 с. _d34 |
||
| 300 | _aВ конце текста: Подписали: Н. Петров, князь А. Оболенский, В. Калачов [и др.]; Скрепил: Исправляющий должность Статс-Секретаря Н. Покровский | ||
| 300 | _aНа 1-й с.: MXV | ||
| 309 | _aБез тит. л. и обл. | ||
| 316 |
_aЭкз. РНБ входит в конволют: Материалы. Т. 26 (1903) / Россия. Государственный совет. Департамент промышленности, наук и торговли _5NLR |
||
| 517 | 1 | _aМатериалы. Т. 26 (1903) | |
| 606 | 1 |
_aСельское хозяйство _jДокументы и материалы _xФинансирование _yРоссия _92439313 _3RU\NLR\AUTH\6601669210 |
|
| 686 | 1 | _aУ26(28)153.232,011 | |
| 702 | 1 |
_4720 _8rus _7ca _aПетров _bН. С. _cгос. деятель _f1833-1913 _gНиколай Степанович _3RU\NLR\AUTH\7782850 _965778 |
|
| 702 | 1 |
_aКалачов _bВ. _4720 |
|
| 702 | 1 |
_4720 _7ca _8rus _aОболенский _bА. Д. _cкнязь, гос. деятель _f1855-1933 _gАлексей Дмитриевич _9198115 _3RU\NLR\AUTH\770198166 |
|
| 702 | 1 |
_4720 _7ca _8rus _aПокровский _bН. Н. _cгос. деятель _f1865-1930 _gНиколай Николаевич _9153763 _3RU\NLR\AUTH\770153801 |
|
| 711 | 0 | 1 |
_aРоссия _bМинистерство земледелия и государственных имуществ _3RU\NLR\AUTH\889941169 _9377192 |
| 712 | 0 | 1 |
_4570 _aРоссия _bСоединенные департаменты промышленности, наук и торговли и государственной экономии _9841836 _3RU\NLR\AUTH\880587993 |
| 852 |
_aNLR _j135/295-26(18) |
||
| 942 | _cBOOK | ||
| 980 | _aNB | ||